Capitales des premières subdivisions françaises sur une carte - Statistiques

Statistiques générales
  • Ce quiz a été pris 673 fois
  • Le résultat moyen est 19 sur 24
Réponses sur la Carte
Les réponses sont colorées sur une échelle allant du rouge au vert en fonction du pourcentage des utilisateurs qui les ont devinées à leur premier essai. Vous pouvez retrouver ces pourcentages ci-dessous.
 
Statistiques - réponses
Type de subdivision Subdivision Capitale % Correct
Région métropolitaine Hauts-de-France Lille
99%
Région métropolitaine Île-de-France Paris
99%
Région métropolitaine Grand Est Strasbourg
99%
Région métropolitaine Nouvelle-Aquitaine Bordeaux
98%
Région métropolitaine Auvergne-Rhône-Alpes Lyon
98%
Région métropolitaine Provence-Alpes-Côte d'Azur Marseille
98%
Région métropolitaine Occitanie Toulouse
98%
Région métropolitaine Pays de la Loire Nantes
96%
Région métropolitaine Bretagne Rennes
96%
Région métropolitaine Corse Ajaccio
95%
Région métropolitaine Bourgogne-Franche-Comté Dijon
91%
Région métropolitaine Centre-Val de Loire Orléans
88%
Région d'outre-mer La Réunion Saint-Denis
86%
Région métropolitaine Normandie Rouen
84%
Région d'outre-mer Martinique Fort-de-France
80%
Région d'outre-mer Guyane Cayenne
79%
Collectivité sui generis Nouvelle-Calédonie Nouméa
75%
Région d'outre-mer Mayotte Mamoudzou
71%
Collectivité d'outre-mer Saint-Pierre-et-Miquelon Saint-Pierre
67%
Région d'outre-mer Guadeloupe Basse-Terre
63%
Collectivité d'outre-mer Polynésie française Papeete
60%
Collectivité d'outre-mer Saint-Barthélemy Gustavia
12%
Collectivité d'outre-mer Saint-Martin Marigot
12%
Collectivité d'outre-mer Wallis et Futuna Mata Utu
12%
Aucun quiz correspondant
Distribution des résultats
% des personnes avec chaque résultat
Percentile par nombre de réponses
Votre historique - résultats
Vous n’avez pas pris ce quiz